| 000 | 00000cam 2200000zi 4500 |
| 001 | 9.949475 |
| 003 | CaOODSP |
| 005 | 20260114155803 |
| 006 | m o d f |
| 007 | cr |n||||||||| |
| 008 | 250324t20252025onca o f000 0 eng d |
| 020 | |a9780660766348 |
| 040 | |aCaOODSP|beng|erda|cCaOODSP |
| 043 | |an-cn--- |
| 086 | 1 |aH129-170/1-2025E-PDF |
| 245 | 00|aDon't go up in smoke! : |blithium-ion batteries. |
| 264 | 1|a[Ottawa] : |bGovernment of Canada = Gouvernement du Canada, |c[2025] |
| 264 | 4|c©2025 |
| 300 | |a1 online resource (1 page) : |billustrations |
| 336 | |atext|btxt|2rdacontent |
| 337 | |acomputer|bc|2rdamedia |
| 338 | |aonline resource|bcr|2rdacarrier |
| 500 | |aIssued also in French under title: Ne partez pas en fumée! : batteries au lithium-ion. |
| 500 | |aCaption title. |
| 500 | |a"Pub.: 240979." |
| 650 | 0|aLithium ion batteries|xSafety measures. |
| 710 | 1 |aCanada. |bHealth Canada, |eissuing body. |
| 775 | 08|tNe partez pas en fumée! : |w(CaOODSP)9.949477 |
| 776 | 0#|tDon't go up in smoke! : |w(CaOODSP)9.949476 |
| 856 | 40|qPDF|s767 KB|uhttps://publications.gc.ca/collections/collection_2025/sc-hc/H129-170-1-2025-eng.pdf |
| 856 | 4 |qHTML|sN/A|uhttps://www.canada.ca/en/health-canada/services/household-products/battery-safety/resources/factsheet-lithium-ion-larger-battery-systems.html |